Inducción en la geometría

Saved in:
Bibliografiske detaljer
Main Authors: Goloviná, L. I (Author), Yaglóm, I. M (Author)
Format: Bog
Sprog:engelsk
Udgivet: Moscú Mir 1976
Serier:Lecciones Populares de Matemáticas
Fag:
Tags: Tilføj Tag
Ingen Tags, Vær først til at tagge denne postø!

MARC

LEADER 00000nam a2200000 a 4500
001 UCP1055
003 CL-VaPUC
008 990326e19760000ru |||||||||||||||||eng|d
082 0 4 |a 516  |b GOL  |2 21 
100 |a Goloviná, L. I  |e author  |9 426803 
700 0 |a Yaglóm, I. M  |e author  |9 426804 
245 1 0 |a Inducción en la geometría 
300 |a 126 p 
942 |c BK 
945 |d 19990326 00:00:00  |a crobeson 
260 |a Moscú  |b Mir  |c 1976 
650 0 |a Geometría   |9 264063 
650 7 |a INDUCCION MATEMATICA  |2 CL-VaPUC  |9 426805 
650 0 |a Ejercicios   |9 269807 
650 7 |a PROBLEMAS  |2 CL-VaPUC  |9 269806 
583 |a last modification  |c 20171123 02:37:40  |k Rodrigo Vera 
490 0 |a Lecciones Populares de Matemáticas 
999 |c 279773  |d 279771 
952 |0 0  |1 0  |4 0  |6 516_000000000000000_GOL_1976  |7 0  |8 A  |9 319554  |a BIBMAT  |b BIBMAT  |d 2019-11-20  |i 1333844  |o 516 GOL 1976  |p 1333844  |r 2025-01-07  |w 2019-11-20  |y BK  |k MAT